000 01294nam a2200397 c 4500
001 23737
003 ES-MaCES
005 20141221122848.0
008 110427s2011 sp t 000 | spa d
017 _aV 535-2011
_bDL
020 _a9788499859798
035 _aCES20110003407m
040 _aES-MaCES
_bspa
_cES-MaCES
100 1 _aLópez Gandía, Juan
_916894
245 1 0 _aCurso de prevención de riesgos laborales
_cJuan López Gandía, José Francisco Blasco Lahoz
250 _a12ª ed
260 _aValencia
_bTirant lo Blanch
_c2011
300 _a397 p.
_c24 cm
490 1 _aManuales
504 _aBiblliografía: p. 383-397
541 _cCompra
650 4 _aseguridad en el trabajo
_928348
650 4 _asalud en el trabajo
_928347
650 4 _ariesgo
_929564
650 4 _alegislación del trabajo
_927166
650 4 _aEspaña
_926964
650 4 _arégimen jurídico
_929894
653 1 0 _aSalud
700 1 _aBlasco Lahoz, José Francisco
_97894
775 0 _tCurso de prevención de riesgos laborales
_w(ES-MaCES)24988
775 0 _tCurso de prevención de riesgos laborales
_w(ES-MaCES)21170
830 0 _aManuales (Tirant lo Blanch (Firma))
_933478
902 _aLIB Libro
942 _2CES
_cBK
_h3.1.
999 _c23737
_d23737